Árusok regulája 1598-ból

Elmentve itt :
Bibliográfiai részletek
Szerző: Kiss Ernő
Dokumentumtípus: Cikk
Megjelent: 1904
Sorozat:Magyar gazdaságtörténelmi szemle 11
Kulcsszavak:Gazdaságtörténet
Online Access:http://misc.bibl.u-szeged.hu/804
LEADER 00554nab a2200169 i 4500
001 misc804
005 20191106144015.0
008 170607s1904 hu o 0|| hun d
040 |a SZTE Miscellanea Repozitórium  |b hun 
041 |a hun 
100 1 |a Kiss Ernő 
245 1 0 |a Árusok regulája 1598-ból  |h [elektronikus dokumentum] /  |c  Kiss Ernő 
260 |c 1904 
300 |a 61-63 
490 0 |a Magyar gazdaságtörténelmi szemle  |v 11 
695 |a Gazdaságtörténet 
856 4 0 |u http://misc.bibl.u-szeged.hu/804/1/gazd_tort_szeml_1904_061-063.pdf  |z Dokumentum-elérés